000 00479nam a22001697a 4500
003 OSt
005 20260423024652.0
008 260423b |||||||| |||| 00| 0 eng d
020 _a971-8905-57-x
040 _aDWC-Main Lib.
_cOC
082 _aRes.398.6 Ol3k 2000
100 _aOlino, Rogelio S.
245 _aKalipunan ng mga bugtong/
_cRogelio S. Olino
260 _aPhilippines:
_bRSO Trading,
_cc2000.
300 _a106 p. ;
_c18 cm.
942 _2ddc
_cBK-0 CIRC
_hRes.
_n0
999 _c9762
_d9762